Statistics for 20 Biggest US Cities by Decade

Click here to take the quiz!

General Stats

  • This quiz has been taken 779 times
  • The average score is 365 of 460

Answer Stats

Pop City % Correct
1,206,000 | 1,515,000 | 124,000 | +20 othersNew York
100%
1,238,000Los Angeles
99%
1,100,000 | 1,699,000 | 112,000 | +13 othersChicago
99%
1,233,000 | 1,595,000 | 1,698,000 | +4 othersHouston
99%
1,504,000 | 1,970,000 | 2,479,000 | +7 othersLos Angeles
99%
149,000 | 234,000 | 299,000 | +13 othersSan Francisco
98%
1,007,000 | 1,191,000 | 1,198,000 | +3 othersDallas
98%
1,047,000 | 1,294,000 | 1,514,000 | +20 othersPhiladelphia
97%
137,000 | 178,000 | 18,000 | +19 othersBoston
97%
1,028,000 | 1,203,000 | 1,511,000 | +13 othersDetroit
96%
315,000 | 366,000 | 468,000 | 557,000Seattle
96%
1,111,000 | 1,227,000 | 1,307,000 | +3 othersSan Diego
94%
109,000 | 13,000 | 147,000 | +16 othersWashington, D.C.
94%
1,327,000 | 1,446,000 | 582,000 | +2 othersPhoenix
93%
1,164,000 | 1,327,000 | 588,000 | +3 othersSan Antonio
92%
161,000 | 311,000 | 351,000 | +10 othersSt. Louis
89%
160,000 | 261,000 | 382,000 | +9 othersCleveland
89%
102,000 | 14,000 | 169,000 | +19 othersBaltimore
89%
102,000 | 116,000 | 169,000 | +14 othersNew Orleans
88%
13,000 | 156,000 | 21,000 | +11 othersPittsburgh
88%
13,000 | 7,000 | 9,000Portland
87%
387,000 | 701,000 | 732,000 | +3 othersIndianapolis
86%
731,000Charlotte
85%
165,000 | 203,000 | 301,000 | +4 othersMinneapolis
85%
635,000 | 737,000 | 822,000Jacksonville
84%
619,000 | 624,000 | 646,000 | +2 othersMemphis
84%
629,000 | 783,000 | 904,000 | 946,000San Jose
83%
672,000 | 790,000Austin
83%
10,000 | 115,000 | 161,000 | +11 othersCincinnati
83%
248,000 | 324,000 | 399,000 | +2 othersKansas City
82%
118,000 | 155,000 | 256,000 | +9 othersBuffalo
80%
565,000 | 636,000 | 716,000 | 787,000Columbus
78%
116,000 | 204,000 | 285,000 | +12 othersMilwaukee
76%
649,000El Paso
74%
11,000 | 13,000 | 24,000 | +6 othersAlbany
73%
10,000 | 105,000 | 12,000 | +7 othersProvidence
72%
101,000 | 124,000 | 161,000 | +4 othersLouisville
71%
10,000 | 12,000 | 16,000 | +3 othersRichmond
71%
16,000 | 19,000 | 25,000 | +3 othersCharleston
70%
741,000Fort Worth
68%
105,000 | 137,000 | 182,000 | +7 othersNewark
64%
20,000 | 48,000Rochester
56%
121,000 | 163,000 | 206,000 | +2 othersJersey City
53%
12,000 | 267,000 | 36,000 | +4 othersBrooklyn
50%
13,000 | 14,000 | 8,000 | 9,000Salem
50%
4,000New Haven
47%
3,000 | 7,000 | 8,000 | 9,000Norfolk
44%
8,000Savannah
43%
7,000 | 8,000Newport
32%
10,000 | 11,000 | 20,000 | +3 othersNorthern Liberties
29%
7,000 | 8,000Alexandria
20%
21,000Lowell
18%
10,000 | 14,000 | 15,000 | +4 othersSouthwark
18%
5,000 | 6,000Marblehead
13%
11,000 | 28,000 | 59,000Spring Garden
12%
12,000Troy
11%
5,000 | 7,000Portsmouth
10%
6,000 | 7,000Nantucket
8%
5,000Schenectady
8%
5,000New London
8%
5,000Gloucester
7%
7,000Georgetown
6%
5,000 | 6,000 | 8,000Newburyport
6%
13,000 | 22,000 | 47,000Kensington
5%
5,000Middleborough
5%
5,000Sherburne
3%

Score Distribution

Percentile by Number Answered

Percent of People with Each Score

Your Score History

You have not taken this quiz